Economics: principles, problems, and policies / (Record no. 220)

000 -LEADER
fixed length control field 01252cam a22002891 4500
001 - CONTROL NUMBER
control field 6566260
003 - CONTROL NUMBER IDENTIFIER
control field OSt
005 - DATE AND TIME OF LATEST TRANSACTION
control field 20140116120821.0
008 - FIXED-LENGTH DATA ELEMENTS--GENERAL INFORMATION
fixed length control field 740103s1963 xx 000 0 eng
020 ## - INTERNATIONAL STANDARD BOOK NUMBER
International Standard Book Number 9780070091917
040 ## - CATALOGING SOURCE
Original cataloging agency DLC
Transcribing agency DLC
Modifying agency CCC
-- Uk
-- DLC
042 ## - AUTHENTICATION CODE
Authentication code premarc
050 00 - LIBRARY OF CONGRESS CALL NUMBER
Classification number HB171.5.M33 2009
100 1# - MAIN ENTRY--PERSONAL NAME
Personal name McConnell, Campbell R.
245 00 - TITLE STATEMENT
Title Economics: principles, problems, and policies /
Statement of responsibility, etc Campbell R. McConnell, Stanley L. Brue and Sean M. Flynn
250 ## - EDITION STATEMENT
Edition statement 18th ed.
260 ## - PUBLICATION, DISTRIBUTION, ETC. (IMPRINT)
Place of publication, distribution, etc Boston :
Name of publisher, distributor, etc McGraw-Hill ,
Date of publication, distribution, etc 2009 .
300 ## - PHYSICAL DESCRIPTION
Extent xxxi, 779 p. ;
Other physical details ill. (some col.)
500 ## - GENERAL NOTE
General note First ed. published in 1960 under title: Elementary economics: priciples, problems, and policies.
504 ## - BIBLIOGRAPHY, ETC. NOTE
Bibliography, etc Includes bibliography.
505 ## - FORMATTED CONTENTS NOTE
Formatted contents note Introduction to economics and the economy-- Microeconomics of product markets-- Microeconomics of resource markets-- Microeconomics of governement-- Microeconomic issues and policies--GDP, growth, instability-- Macroeconomics and fiscal policy-- Money, banking, and monetary policy-- Extensions and issues-- Intyernational economics
650 #0 - SUBJECT ADDED ENTRY--TOPICAL TERM
Topical term or geographic name as entry element Economics.
700 ## - ADDED ENTRY--PERSONAL NAME
Relator code Brue, S. L.
700 ## - ADDED ENTRY--PERSONAL NAME
Relator code Flynn, S. M.
906 ## - LOCAL DATA ELEMENT F, LDF (RLIN)
a 7
b cbc
c oclcrpl
d u
e ncip
f 19
g y-gencatlg
942 ## - ADDED ENTRY ELEMENTS (KOHA)
Source of classification or shelving scheme
Koha item type Book
Holdings
Withdrawn status Lost status Source of classification or shelving scheme Damaged status Not for loan Home library Current library Date acquired Source of acquisition Total Checkouts Full call number Barcode Checked out Date last seen Date checked out Copy number Price effective from Koha item type Total Renewals
          Riara University Library Riara University Library 12/10/2011 Purchase 3 HB171.5.M33 2009 2731/11 09/03/2016 22/02/2016 22/02/2016 C.2 12/10/2011 Book  
          Riara University Library Riara University Library 12/10/2011 Purchase 2 HB171.5.M33 2009 2732/11   08/12/2016 02/12/2016 C.3 12/10/2011 Book 1
          Riara University Library Riara University Library 12/10/2011 Purchase 6 HB171.5.M33 2009 2733/11   19/02/2019 19/02/2019 C.3 12/10/2011 Book  

Riara University Library,
P.O. Box 49940-00100,
Nairobi, Kenya.